000 00598nam a2200205Ia 4500
008 140110s9999 xx 000 0 und d
020 _a9780385531801
040 _aLoreto College
041 _aEnglish
082 _a920/KOL
_bLCBED/14950
245 _aMother Teresa
_b Where there is love, there is god
_cCompiled and edited by Brian Kolodiejchuk
260 _aNew York
_bImage
_c2010
300 _axiv, 364p.
_c20cm.
504 _aIncluds index
650 _aMother Teresa
651 _aBiography
700 _aKolodiejchuk, Brian Comp. and ed.
850 _aLCBED/920/KOL
942 _cBK
999 _c38738
_d89217